000 nam a22 a 4500
999 _c2954
_d2954
005 20170519081517.0
008 170519b1998 io ||||| |||| 00| 0 ind d
020 _a9795264133
040 _aAKMAL
082 _a658 SON
090 _a658
_bSON
245 _aManajemen Abad 21 /
_cSondang P. Siagan
260 _aIndonesia
_bBumi AKsara
_c1998
300 _a236 ms.
_ccm
942 _2ddc
_cBOOK